000 00361nam a2200133Ia 4500
005 20260326100042.0
008 260326s9999||||xx |||||||||||||| ||und||
100 _aFlores Guerrero, Raúl
245 0 _aHistoria General del Arte Mexicano :
_b Época prehispánica /
_cRaúl Flores Guerrero
260 _bHermes
300 _a253 p.
650 _aARTE
942 _cBK
999 _c7049
_d7049